Ethics & international affairs

Bibliographic Details
Corporate Author: Carnegie Council on Ethics & International Affairs
Format: Unknown
Language:English
Published: [Oxford] : Blackwell Publishers
Subjects:
Online Access:Acceso restringido

MARC

LEADER 00000ny a22000003n 4500
003 WaSeSS
005 20110511143249.0
006 m d
007 cr n
008 870224c19uu9999us qr p s 0 a0eng d
010 |a 87648671   |z sn 87000775 
022 0 |a 0892-6794 
035 |a 3072 
040 |a NSDP  |c NSDP  |d vLex 
090 |c 1701  |d 1701 
245 3 0 |a Ethics & international affairs  |h [Recurso electrn̤ico] 
246 3 0 |a Ethics and international affairs 
256 |a Servicio en ln̕ea 
260 |a [Oxford] :  |b Blackwell Publishers 
310 |a Trimestral 
321 |a Anual,  |b 1987-2000 
321 |a Semianual,  |b 2001-2003 
506 1 |a Contenido solo disponible en los productos indicados  |d vLex Global  |d vLex Global (Academic Edition, excluding Law Schools)  |d vLex Global (Academic Edition, Law Schools) 
650 0 4 |a Relaciones internacionales  |x Publicaciones perid̤icas 
650 0 4 |a Philosophy and religion 
650 0 4 |a Political science 
650 0 4 |a International relations 
710 2 |a Carnegie Council on Ethics & International Affairs 
740 |a vLex Revista (Servicios en ln̕ea) 
843 |a Electrn̤ica. Abierta 
853 |8 1  |i (year)  |j (month)  |k (day) 
856 4 0 |u http://vlex.com/source/3072  |z Acceso restringido 
942 |c REV